000 00964cam a2200301 i 4500
001 15916
003 BD-RjUL
005 20211208235918.0
008 140211s1978 nyua b 001 0 eng
020 _a0070281750
035 _a(BD-RjUL)15971
040 _aDLC
_cDLC
_dBD-RjUL
_beng
041 _aeng
082 0 0 _a658.15
_bHEI 1978
100 1 _aHenning, Charles N.
_910847
245 1 0 _aInternational financial management /
_cCharles N. Henning,
260 _aNew York :
_bMcGraw-Hill,
_cc1978.
300 _axv, 576 p. :
_bill. ;
_c25 cm.
490 0 _aMcGraw-Hill series in finance
504 _aIncludes bibliographical references and indexes.
650 0 _aInternational finance.
_949333
650 0 _aInternational business enterprises
_xFinance.
_949334
700 1 _aPigott, William,
_d1927-
_ejoint author.
_910848
700 1 _aScott, Robert Haney,
_ejoint author.
_96925
942 _2ddc
_cBK
999 _c15916
_d15916